000 00631nam a2200289Ia 4500
005 20260401122156.0
008 008 250103s9999 xx 000 0 eng d
037 _aTB
040 _aEDL
040 _beng
040 _cEDL
041 _2eng
041 _aeng
084 _a894.8121 LEE
084 _qEDL
100 _aLeelavathi, M.
_91232814
245 0 _aMahakavi G.Sankara Kurup
245 0 _cLeelavathi, M.
260 _aNew Delhi
260 _bSahitya Akademi
260 _c1990
300 _a91p
942 _cTB
942 _h894.8121 LEE
999 _c1845416
_d1845416